Arqueología de las sombras: la narrativa de Veloz Maggiolo / Fernando Valerio - Holguín (Registro nro. 3962)

Detalles MARC
000 -LEADER
fixed length control field 00541nam a22001811a 4500
001 - CONTROL NUMBER
control field 3962
003 - CONTROL NUMBER IDENTIFIER
control field OSt
005 - DATE AND TIME OF LATEST TRANSACTION
control field 20260204211910.0
008 - FIXED-LENGTH DATA ELEMENTS--GENERAL INFORMATION
fixed length control field 050530s2000||||dr ||||||b||||||||||spa||
020 ## - NUMERO DE LIBRO INTERNACIONAL NORMALIZADO
International Standard Book Number 9993481904
050 ## - LIBRARY OF CONGRESS CALL NUMBER
Classification number RD 863.44 A66s
245 ## - TÍTULO PROPIAMENTE DICHO: SUBTÍTULO
Title Arqueología de las sombras: la narrativa de Veloz Maggiolo / Fernando Valerio - Holguín
264 ## - PRODUCTION, PUBLICATION, DISTRIBUTION, MANUFACTURE, AND COPYRIGHT NOTICE
Place of production, publication, distribution, manufacture Santo Domingo : Amigo del Hogar
300 ## - PHYSICAL DESCRIPTION
Extensión 262 p
650 ## - ASIENTO SECUNDARIO DE MATERIA -- TERMINO TEMÁTICO
Termino Temático Como Elemento de Entrada 1.Narrativa - Historia y Crítica
651 ## - ASIENTO SECUNDARIO DE MATERIA -- NOMBRE GEOGRÁFICO
Geographic name Veloz Maggiolo II.Valerio - Holguín, FernandoÌ
942 ## - ADDED ENTRY ELEMENTS (KOHA)
Source of classification or shelving scheme Dewey Decimal Classification
Koha item type Libros
Existencias
Withdrawn status Lost status Source of classification or shelving scheme Damaged status Not for loan Current library Date acquired Total Checkouts Full call number Barcode Date last seen Price effective from Koha item type
    Dewey Decimal Classification     Biblioteca UTECO 09/09/2019   RD 863.44 A66S 008645 09/09/2019 09/09/2019 Libros
© 2021 Derechos Reservados UTECO - Teléfono: +1 809-585-2291 - Correo electrónico: biblioteca@uteco.edu.do​  
Código postal 43000 ​​
Dirección: Avenida Universitaria No. 100, 
Cotuí, Provincia Sánchez Ramírez, República Dominicana - RNC: 404-00059-6